000 00715nam a2200229Ia 4500
003 OSt
005 20251110113843.0
008 220923b |||||||| |||| 00| 0 eng d
020 _a0631192158
037 _cGeneral Book
040 _aRTL
_cRTL
_beng
041 _2eng
_aeng
084 _aY:2(P), N5
_qRTL
100 _aGottdiener, M.
_9131575
245 0 _aPostmodern semiotics: material culture and the forms of postmodern life
_b
260 _aMassachusets
_bBlackwell
_c1995
300 _aviii, 262 p.
_bIncludes bibliographical references and index.
500 _aIndex: P255-262
650 _aSociology
_9850500
942 _hY:3(P), N5
_cGB
_2CC
_n0
999 _c589453
_d589453